Welcome to CU Library Online Public Access Catalogue (OPAC)

Manual of Acute Orthopaedic Therapeutics/ (Record no. 4078)

MARC details
000 -LEADER
fixed length control field 00514nam a22001697a 4500
005 - DATE AND TIME OF LATEST TRANSACTION
control field 20250221200614.0
008 - FIXED-LENGTH DATA ELEMENTS--GENERAL INFORMATION
fixed length control field 250221b |||||||| |||| 00| 0 eng d
020 ## - INTERNATIONAL STANDARD BOOK NUMBER
International Standard Book Number 0316434329
050 ## - LIBRARY OF CONGRESS CALL NUMBER
Classification number RD732.5
Item number .I96
100 ## - MAIN ENTRY--PERSONAL NAME
Personal name Iversen, Larry D.
245 ## - TITLE STATEMENT
Title Manual of Acute Orthopaedic Therapeutics/
Statement of responsibility, etc. Larry D. Iversen & D. Kay Clawson
250 ## - EDITION STATEMENT
Edition statement 3rd ed.
260 ## - PUBLICATION, DISTRIBUTION, ETC.
Place of publication, distribution, etc. Boston/Toronto
Name of publisher, distributor, etc. Little Brown and Company
Date of publication, distribution, etc. 1987
300 ## - PHYSICAL DESCRIPTION
Extent ix. 332p.
Other physical details ill.
Dimensions 21.5cm
700 ## - ADDED ENTRY--PERSONAL NAME
Personal name Clawson, D. Kay
942 ## - ADDED ENTRY ELEMENTS (KOHA)
Source of classification or shelving scheme Library of Congress Classification
Koha item type Books
Edition 3rd ed.
Suppress in OPAC No
999 ## -
-- 4078
-- 4078
Holdings
Withdrawn status Lost status Source of classification or shelving scheme Damaged status Not for loan Collection Home library Current library Shelving location Date acquired Total checkouts Full call number Barcode Date last seen Copy number Price effective from Koha item type
    Library of Congress Classification     Non-fiction Science Library (Miotso) Science Library (Miotso) General stacks 02/21/2025   RD732.5 .I96 IVE SLM00003545 02/21/2025 1 02/21/2025 Books
© 2023-2024 Copyright: Central University Libraries. All Rights Reserved | Created by: Mahone Tech Office